• 首页
  • 本馆介绍
  • 公告通知
  • 最新文献
  • 馆藏检索
  • 电子资源
  • 读者导购
  • 参考咨询
  • 我的图书馆
  • 登录
  • 详细信息显示
  • 放入我的书架
  • 预约/预借图书
  • 作者相关作品
  • 分类相关作品
  • 丛书相关作品
  • 出版社相关作品

书目信息

  • 表格格式
  • 工作单格式
  • 卡片格式
题名:
生态文明建设与能源生产消费革命
    
 
作者: 杜祥琬 著
分册:  
出版信息: 北京   科学出版社  2017.04
页数: 161页
开本: 24cm
丛书名: 中国工程院重大咨询项目成果文库
单 册:
中图分类: X171.4
科图分类:
主题词: 生态环境建设--研究 , 能源消费--研究
电子资源:
ISBN: 978-7-03-052399-0
000 01197oam2 2200289 450
001 4338
005 20181011102247.22
010    @a978-7-03-052399-0@b精装@dCNY72.00
100    @a20180217d2017 em y0chiy50 ea
101 0  @achi
102    @aCN@b110000
105    @ay z 000yy
200 1  @a生态文明建设与能源生产消费革命@9sheng tai wen ming jian she yu neng yuan sheng chan xiao fei ge ming@f杜祥琬等著
210    @a北京@c科学出版社@d2017.04
215    @a161页@d24cm
225 1  @a中国工程院重大咨询项目成果文库
225 1  @a推动能源生产和消费革命战略研究系列丛书@h第一辑@f谢克昌主编
300    @a“十三五”国家重点出版物出版规划项目·重大出版工程规划 中国工程院重大咨询项目“推动能源生产和消费革命战略研究”第一期研究成果
330    @a本书提出我国能源革命的目标是逐步实现能源生产和消费的低碳化和清洁化,以科学的供给满足合理的需求,并提出了能源革命的目标、任务和举措。
461  0 @12001 @a中国工程院重大咨询项目成果文库
461  0 @12001 @a推动能源生产和消费革命战略研究系列丛书
606 0  @a生态环境建设@x研究
606 0  @a能源消费@x研究
690    @aX171.4@v5
701  0 @a杜祥琬@9du xiang wan@f(1938-)@4著
801  0 @aCN@b91MARC@c20180217
905    @aMuseLib@dX171.4@e244
    
    生态文明建设与能源生产消费革命/杜祥琬等著.-北京:科学出版社,2017.04
    161页;24cm.-(中国工程院重大咨询项目成果文库).-(推动能源生产和消费革命战略研究系列丛书.第一辑/谢克昌主编)
    “十三五”国家重点出版物出版规划项目·重大出版工程规划 中国工程院重大咨询项目“推动能源生产和消费革命战略研究”第一期研究成果
    
    ISBN 978-7-03-052399-0(精装):CNY72.00
    本书提出我国能源革命的目标是逐步实现能源生产和消费的低碳化和清洁化,以科学的供给满足合理的需求,并提出了能源革命的目标、任务和举措。
●
相关链接 在E读中查询图书 在五车中查询图书 在当当中查询图书 在豆瓣中查询图书


正题名:生态文明建设与能源生产消费革命     索取号:X171.4/244         预约/预借

序号 登录号 条形码 馆藏地/架位号 状态 备注
1 1124681   211246819   第二样本阅览室/ [索取号:X171.4/244] 在馆    
2 1124682   211246828   第三借阅区/ [索取号:X171.4/244] 在馆    
3 1124683   211246837   第三借阅区/ [索取号:X171.4/244] 在馆    
4 1124684   211246846   资源管理系资料室/ [索取号:X171.4/244] 在馆    
5 1124685   211246855   第三借阅区/ [索取号:X171.4/244] 在馆    
唐山师范学院图书馆 欢迎您!
大连网信软件有限公司© 版权所有